00557pam a2200157 a 4500020000500000041000500005082001700010100002400027245009600051250001000147260004000157300001600197930000900213999001900222952015800241 c h a704.947bROB aMorgan J. Roberts. aNorse and Viking Myths and LiegendsbNorse and Viking Myths and LiegendshTextual Documents a1994. a[s.l]:bM. Friedman Group New York a112:bHard. a2791 c236581d236581 001040708Text BooksaFAPbFAPd2016-07-16eBhararti Sahakari Grahak Bhandarg1455.00l0o704.947 ROBpFAP-2791r2023-03-07 00:00:00t1w2023-03-07yBK